000 00361nam a2200145Ia 4500
008 240624s9999 xx 000 0 und d
041 _aeng
082 _a020 KUM
100 _aKUMAR P S G
245 _aINDIAN ENCYCLOPEDIA OF LIBRARY AND INFOR
260 _c2001
_aNew Delhi
_bS. Chand
300 _ax, : 454 : p. : cm. ; 25
365 _cRS
_b20
440 _v3
999 _c13148
_d13148